000
00256nam a22001217a 4500
040
_c
SY
082
_a
333 JON 1999 C093
100
_a
Jon M. Conerad
245
_a
Resource Econimics
260
_a
USA
_b
Jon M. Conerad
_c
1999
300
_a
213p
942
_c
EK
999
_c
11211
_d
11211